LEADER 03019nam 22006012 450 001 9910452802003321 005 20151005020622.0 010 $a1-139-89069-7 010 $a1-107-27182-7 010 $a1-139-06008-2 010 $a1-107-27514-8 010 $a1-107-27391-9 010 $a1-107-27840-6 010 $a1-107-27717-5 035 $a(CKB)2550000001105928 035 $a(EBL)1303635 035 $a(OCoLC)852697862 035 $a(SSID)ssj0000917978 035 $a(PQKBManifestationID)12461366 035 $a(PQKBTitleCode)TC0000917978 035 $a(PQKBWorkID)10893331 035 $a(PQKB)11777703 035 $a(UkCbUP)CR9781139060080 035 $a(MiAaPQ)EBC1303635 035 $a(Au-PeEL)EBL1303635 035 $a(CaPaEBR)ebr10729865 035 $a(CaONFJC)MIL506179 035 $a(EXLCZ)992550000001105928 100 $a20110405d2013|||| uy| 0 101 0 $aeng 135 $aur||||||||||| 181 $ctxt$2rdacontent 182 $cc$2rdamedia 183 $acr$2rdacarrier 200 14$aThe epic gaze $evision, gender and narrative in ancient epic /$fHelen Lovatt$b[electronic resource] 210 1$aCambridge :$cCambridge University Press,$d2013. 215 $a1 online resource (x, 414 pages) $cdigital, PDF file(s) 300 $aTitle from publisher's bibliographic system (viewed on 05 Oct 2015). 311 $a1-107-01611-8 311 $a1-299-74928-3 320 $aIncludes bibliographical references and index. 327 $aThe divine gaze -- The mortal gaze -- The prophetic gaze -- Ecphrasis and the other -- The female gaze -- Heroic bodies on display -- The assaultive gaze -- Fixing it for good : Medusa and monumentality. 330 $aThe epic genre has at its heart a fascination with the horror of viewing death. Epic heroes have active visual power, yet become objects, turned into monuments, watched by two main audiences: the gods above and the women on the sidelines. This stimulating, ambitious study investigates the theme of vision in Greek and Latin epic from Homer to Nonnus, bringing the edges of epic into dialogue with celebrated moments (the visual confrontation of Hector and Achilles, the failure of Turnus' gaze), revealing epic as massive assertion of authority and fractured representation. Helen Lovatt demonstrates the complexity of epic constructions of gender: from Apollonius' Medea toppling Talos with her eyes to Parthenopaeus as object of desire. She discusses mortals appropriating the divine gaze, prophets as both penetrative viewers and rape victims, explores the divine authority of epic ecphrasis, and exposes the way that heroic bodies are fragmented and fetishised. 606 $aEpic poetry, Greek$xHistory and criticism 615 0$aEpic poetry, Greek$xHistory and criticism. 676 $a881.009 700 $aLovatt$b Helen$f1974-$0479365 801 0$bUkCbUP 801 1$bUkCbUP 906 $aBOOK 912 $a9910452802003321 996 $aThe epic gaze$92453402 997 $aUNINA LEADER 03134nam 2200781 a 450 001 9910139035003321 005 20220408125346.0 010 $a1-119-20360-0 010 $a1-118-33192-3 010 $a1-299-40232-1 010 $a1-118-33410-8 035 $a(CKB)2550000001017873 035 $a(EBL)1158343 035 $a(OCoLC)818327399 035 $a(SSID)ssj0000855800 035 $a(PQKBManifestationID)11470371 035 $a(PQKBTitleCode)TC0000855800 035 $a(PQKBWorkID)10792401 035 $a(PQKB)10941959 035 $a(DLC) 2012046223 035 $a(Au-PeEL)EBL1158343 035 $a(CaPaEBR)ebr10677825 035 $a(CaONFJC)MIL471482 035 $a(CaSebORM)9781118300190 035 $a(MiAaPQ)EBC1158343 035 $a(EXLCZ)992550000001017873 100 $a20121109d2013 uy 0 101 0 $aeng 135 $aurunu|||||||| 181 $ctxt 182 $cc 183 $acr 200 10$aBehavioral finance$b[electronic resource] $eunderstanding the social, cognitive, and economic debates /$fEdwin T. Burton, Sunit N. Shah 205 $a1st edition 210 $aHoboken $cWiley$d2013 215 $a1 online resource (256 p.) 225 1 $aWiley finance series 300 $aIncludes index. 311 $a1-118-30019-X 320 $aIncludes bibliographical references and index. 327 $aIntroduction -- Introduction to behavioral finance -- What is the efficient market hypothesis? -- The EMH and the "market model" -- The forerunners to behavioral finance -- Noise traders -- Noise traders and the law of one price -- Index. 330 $aAn in-depth look into the various aspects of behavioral finance Behavioral finance applies systematic analysis to ideas that have long floated around the world of trading and investing. Yet it is important to realize that we are still at a very early stage of research into this discipline and have much to learn. That is why Edwin Burton has written Behavioral Finance: Understanding the Social, Cognitive, and Economic Debates. Engaging and informative, this timely guide contains valuable insights into various issues surrounding behavioral finance. Topics addressed include nois 410 0$aWiley finance series. 606 $aInversions$2thub 606 $aMercat financer$2thub 606 $aPresa de decisions$2thub 606 $aAspectes psicològics$2thub 606 $aInvestments$xPsychological aspects 606 $aCapital market$xPsychological aspects 606 $aDecision making 608 $aLlibres electrònics$2thub 615 7$aInversions 615 7$aMercat financer 615 7$aPresa de decisions 615 7$aAspectes psicològics 615 0$aInvestments$xPsychological aspects. 615 0$aCapital market$xPsychological aspects. 615 0$aDecision making. 676 $a332.01/9 700 $aBurton$b Edwin T$0916585 701 $aShah$b Sunit N$0916586 801 0$bMiAaPQ 801 1$bMiAaPQ 801 2$bMiAaPQ 906 $aBOOK 912 $a9910139035003321 996 $aBehavioral finance$92054862 997 $aUNINA LEADER 01253nam a2200289 i 4500 001 991003370409707536 005 20020503191036.0 008 000704s1964 de ||| | ger 035 $ab10495939-39ule_inst 035 $aEXGIL119667$9ExL 040 $aBiblioteca Interfacoltà$bita 082 0 $a809 100 1 $aFriedrich, Wolf-Hartmut$0181138 245 10$aLiteratur /$cWolf-Hartmut Friedrich, Walther Killy 260 $aFrankfurt am Main ; Hamburg :$bFischer,$c1964-1965 300 $a3 v. ;$c18 cm. 440 4$aDas Fischer Lexicon ;$v34-35 650 4$aLetteratura$xStoria 700 1 $aKilly, Walther$eauthor$4http://id.loc.gov/vocabulary/relators/aut$0157410 907 $a.b10495939$b02-04-14$c27-06-02 912 $a991003370409707536 945 $aLE002 Lett. II A 19 I$cV. 1$g1$i2002000506115$lle002$o-$pE0.00$q-$rl$s- $t0$u0$v0$w0$x0$y.i10572235$z27-06-02 945 $aLE002 Lett. II A 19 II 1$cV. 2.1$g1$i2002000506122$lle002$o-$pE0.00$q-$rl$s- $t0$u0$v0$w0$x0$y.i10572247$z27-06-02 945 $aLE002 Lett. II A 19 II 2$cV. 2.2$g1$i2002000506139$lle002$o-$pE0.00$q-$rl$s- $t0$u0$v0$w0$x0$y.i10572259$z27-06-02 996 $aLiteratur$91446109 997 $aUNISALENTO 998 $ale002$b01-01-00$cm$da $e-$fger$gde $h0$i3